| 000 | 01327cam a2200373 i 4500 | ||
|---|---|---|---|
| 003 | EG-GICUC | ||
| 005 | 20260122112657.0 | ||
| 008 | 010109s2001 enk frb 001 0 eng d | ||
| 020 |
_a0521802229 _qhardback |
||
| 020 |
_a0521002532 _qpbk. |
||
| 020 |
_a9780521802222 _q(hardback) |
||
| 020 |
_a9780521002530 _q(pbk.) |
||
| 040 |
_aDLC _cDLC _dDLC _dEG-GICUC _beng _erda |
||
| 050 | 0 | 0 |
_aK355 _b.F58 2001 |
| 082 | 0 | 0 |
_a340.1 _221 |
| 092 | 0 | 4 | _221 |
| 099 | _aLaw 11 2001 | ||
| 100 | 1 |
_aFitzpatrick, Peter, _d1941- |
|
| 245 | 1 | 0 |
_aModernism and the grounds of law / _cPeter Fitzpatrick. |
| 264 |
_aCambridge, UK ; _aNew York : _bCambridge University Press, _c2001. |
||
| 300 |
_ax, 261 pages ; _c24 cm. |
||
| 336 |
_atext _2rdacontent |
||
| 337 |
_aComputer _2rdamedia |
||
| 338 |
_aOnline Resource _2rdacarrier |
||
| 440 | 0 | _aCambridge studies in law and society | |
| 504 | _aIncludes bibliographical references (p. 234-253) and index. | ||
| 650 | 0 |
_aLaw _xPhilosophy. |
|
| 650 | 0 | _aModernism (Christian theology) | |
| 856 | 4 | 2 | _uhttps://fll.law.cu.edu.eg/fulltext/bks/ENGB11-00092.pdf |
| 856 | 4 | 2 |
_3Publisher description _uhttp://www.loc.gov/catdir/description/cam021/2001018097.html |
| 856 | 4 | 1 |
_3Table of contents _uhttp://www.loc.gov/catdir/toc/cam028/2001018097.html |
| 905 | _a10 | ||
| 942 |
_2ddc _cBK _e21 _n0 |
||
| 999 |
_c58627 _d58627 |
||